Systém chladenia budov s využitím solárnych tepelných tokov

Gespeichert in:
Bibliographische Detailangaben
1. Verfasser: Procházka, Oliver (Verfasst von)
Weitere Verfasser: Masaryk, Michal (Betreuung Doktorarbeit)
Format: Manuskript Buch
Sprache:Slowakisch
Veröffentlicht: 2023
Schlagworte:
Online-Zugang:http://is.stuba.sk/zp/portal_zp.pl?podrobnosti=178878
Tags: Tag hinzufügen
Keine Tags, Fügen Sie das erste Tag hinzu!

MARC

LEADER 00000ntm a22000003a 4500
001 stuzp93862
003 SK-STU
005 20231218122931.3
007 ta
008 150427s2015----xo-----f-mn---000-0-slo-d
040 |a STU  |b slo 
041 0 |a slo 
100 1 |a Procházka, Oliver  |u 020060  |4 aut  |U SjF Strojnícka fakulta  |T SjF Ústav energetických strojov a zariadení  |X 104909  |U J0060  |Y 805  |7 104909 
242 0 1 |a Cooling system for buildings by using solar radiation  |y eng 
245 1 0 |a Systém chladenia budov s využitím solárnych tepelných tokov 
260 |c 2023 
650 4 |a tepelné toky  |2 slo 
650 4 |a tepelná záťaž, budova  |2 slo 
650 4 |a Chladenie  |2 slo 
650 4 |a heat transfer  |2 eng 
650 4 |a radiation  |2 eng 
650 4 |a heat load  |2 eng 
700 1 |a Masaryk, Michal  |u 020060  |k Z1  |4 ths  |U SjF Strojnícka fakulta  |T SjF Ústav energetických strojov a zariadení  |X 3392  |U J0060  |Y 805  |7 A000003392 
856 4 |u http://is.stuba.sk/zp/portal_zp.pl?podrobnosti=178878 
996 |b 284J047330  |c J* 3550/DBP  |l JJSK  |s A  |a 24  |w stuzp93862_0001